RICS Members' Accounts Regulations and chattel auctioneers (Record no. 71497)
[ view plain ]
| 000 -LEADER | |
|---|---|
| fixed length control field | 00831cam a2200193 4500 |
| 001 - CONTROL NUMBER | |
| control field | ABS65999 |
| 008 - FIXED-LENGTH DATA ELEMENTS--GENERAL INFORMATION | |
| fixed length control field | 021101n2002 000 0 eng u |
| 035 ## - SYSTEM CONTROL NUMBER | |
| System control number | (Sirsi) u120337 |
| 245 ## - TITLE STATEMENT | |
| Title | RICS Members' Accounts Regulations and chattel auctioneers |
| 260 ## - PUBLICATION, DISTRIBUTION, ETC. | |
| Date of publication, distribution, etc. | 2002 |
| 490 ## - SERIES STATEMENT | |
| Series statement | The Arts Surveyor |
| Volume/sequential designation | October 2002, 8-9(2) |
| 520 ## - SUMMARY, ETC. | |
| Summary, etc. | Explains the scope of the RICS Members' Accounts Regulations (MAR) and how they apply to chattel auctioneers. Identifies the six basic principles of the MAR which cover the handling of clients' money and maintaining clear accounting records, and illustrates how each relates to the work of chattel auctioneers. |
| 590 ## - LOCAL NOTE (RLIN) | |
| Local note | ABS |
| 650 ## - SUBJECT ADDED ENTRY--TOPICAL TERM | |
| Topical term or geographic name entry element | RICS MEMBERS' ACCOUNTS RULES |
| 650 ## - SUBJECT ADDED ENTRY--TOPICAL TERM | |
| Topical term or geographic name entry element | RICS REGULATIONS |
| 650 ## - SUBJECT ADDED ENTRY--TOPICAL TERM | |
| Topical term or geographic name entry element | CHATTELS AUCTIONEERS |
| 690 ## - LOCAL SUBJECT ADDED ENTRY--TOPICAL TERM (OCLC, RLIN) | |
| Topical term or geographic name as entry element | Auctioneering |
| 9 (RLIN) | 6218 |
| 942 ## - ADDED ENTRY ELEMENTS (KOHA) | |
| Suppress in OPAC | 0 |
| Withdrawn status | Lost status | Source of classification or shelving scheme | Damaged status | Not for loan | Home library | Current library | Shelving location | Date acquired | Total Checkouts | Full call number | Barcode | Date last seen | Copy number | Price effective from | Koha item type |
|---|---|---|---|---|---|---|---|---|---|---|---|---|---|---|---|
| Dewey Decimal Classification | London | London | Journal article | 01/11/2002 | ABS65999 | 120337-1001 | 06/08/2019 | 1 | 06/08/2019 | Journal article |